[Event "Challenge"]
[Site "http://www.queenalice.com/game.php?id=5769"]
[Date "2005.2.23"]
[Round "-"]
[White "Dino"]
[Black "EngEsp"]
[Result "1-0"]
[WhiteElo "1067"]
[BlackElo "997"]

1. d4 Nc6 2. g3 e6 3. Nf3 Bb4+ 4. c3 Ba5 5. Bg5 Nge7 6. Na3 Nf5 7. Bxd8 b6 8.
Bxc7 b5 9. Bf4 Bb7 10. Nxb5 a6 11. Nc7+ Ke7 12. Bg5+ Kd6 13. Bf4+ Ke7 14. Qb3
Rac8 15. Qxb7 Rcd8 16. Nxa6 Nfxd4 17. Nxd4 Nxd4 18. Rd1 Nc2+ 19. Kd2 Nb4 20.
cxb4 Bxb4+ 21. Nxb4 h5 22. Nc6+ Kf6 23. Nxd8 Re8 24. Nxf7 e5 25. Qxd7 Re7 26.
Bxe5+ Kxf7 27. Qd6 h4 28. Bxg7 h3 29. Bxh3 Ke8 30. Be6 Rxg7 31. Rc1 Re7 32. Rc8#
1-0

[Event "Challenge"]
[Site "http://www.queenalice.com/game.php?id=5772"]
[Date "2005.2.23"]
[Round "-"]
[White "renatominicucci"]
[Black "Dino"]
[Result "1-0"]
[WhiteElo "1552"]
[BlackElo "1080"]

1. e4 e6 2. e5 Nc6 3. d4 Nh6 4. Nf3 Nf5 5. a3 b6 6. Bc4 Ncxd4 7. Nxd4 Bc5 8. Nb5
Ba6 9. a4 c6 10. N5a3 b5 11. axb5 cxb5 12. Bxb5 Qc8 13. c4 Nd4 14. Qg4 h5 15.
Qxg7 Rf8 16. Nd2 Nxb5 17. Nxb5 Bb7 18. Nb3 Bb4+ 19. Nd2 Qxc4 20. Nd6+ Bxd6 21.
Nxc4 Bc5 22. Bg5 Bxg2 23. Rg1 Bd5 24. Ne3 Be4 25. Nc4 Rb8 26. Rxa7 Bd3 27. Rc7
Bxc4 28. Rxc5 Ba6 29. Qh7 Rxb2 30. Qe4 Rb8 31. Qa4 h4 32. Qxa6 d6 33. Qxd6 Rd8
34. Qe7# 1-0

[Event "Challenge"]
[Site "http://www.queenalice.com/game.php?id=5865"]
[Date "2005.2.23"]
[Round "-"]
[White "fabian"]
[Black "Dino"]
[Result "1-0"]
[WhiteElo "1320"]
[BlackElo "1080"]

1. e4 e6 2. Qf3 Nc6 3. Bd3 Nd4 4. Qd1 Nh6 5. c3 Nc6 6. a4 Qf6 7. Nf3 Bc5 8. Qe2
Na5 9. e5 Qf4 10. g3 Qxa4 11. Rxa4 Nb3 12. Qd1 Nxc1 13. Qxc1 Ng4 14. Rxg4 1-0

[Event "Challenge"]
[Site "http://www.queenalice.com/game.php?id=5870"]
[Date "2005.2.24"]
[Round "-"]
[White "MKich"]
[Black "Dino"]
[Result "1-0"]
[WhiteElo "1694"]
[BlackElo "1067"]

1. Nc3 Nc6 2. Nf3 Nf6 3. e4 g6 4. Bc4 Nb4 5. d4 e6 6. O-O Nh5 7. a3 Nc6 8. Ng5
Bh6 9. d5 Ne5 10. Qd4 f6 11. Nh3 c6 12. dxe6 Qe7 13. exd7+ Bxd7 14. Bxh6 Bg4 15.
Nf4 Nxc4 16. Qxc4 Rd8 17. h3 Be6 18. Nxe6 Rd2 19. Rad1 Rxd1 20. Rxd1 Kf7 21. Rd7
Qxd7 22. Nc5+ Qe6 23. Qxe6# 1-0

[Event "Challenge"]
[Site "http://www.queenalice.com/game.php?id=5893"]
[Date "2005.2.24"]
[Round "-"]
[White "fabian"]
[Black "Dino"]
[Result "0-1"]
[WhiteElo "1322"]
[BlackElo "1089"]

1. e4 d6 2. Qf3 Be6 3. Bd3 Nc6 4. Nc3 g6 5. b3 Bh6 6. Ba3 Ne5 7. Bb5+ c6 8. Qe2
cxb5 9. Qxb5+ Bd7 10. Qxb7 Rb8 11. Qxa7 Nf6 12. d4 Neg4 13. h3 Nxf2 14. Kxf2 Bd2
15. Nge2 h5 16. Rad1 Bg5 17. e5 Ra8 18. Qb7 Rxa3 19. exf6 Bxf6 20. Qb4 Ra6 21.
Ra1 h4 22. Nd5 Rh5 23. Nef4 Rf5 24. Qb7 Bc8 25. Nc7+ Kd7 26. Qb8 Qxc7 27. Qxc7+
Kxc7 28. Ke3 Bb7 29. Nd3 Bxg2 30. Rh2 Bd5 31. a4 Bg5+ 32. Ke2 Bf3+ 33. Ke1 e5
34. Nb4 Rb6 35. c3 exd4 36. a5 Re5+ 37. Kf2 Re2+ 38. Kg1 Rxh2 39. Kxh2 Bf4+ 40.
Kg1 Rb8 41. Na6+ Kb7 42. Nxb8 Kxb8 43. Rf1 Be3+ 44. Kh2 Bf4+ 45. Kg1 Be3+ 46.
Rf2 Bxf2+ 47. Kxf2 Bd5 48. c4 Bc6 49. b4 d3 50. Ke1 d5 51. b5 Bd7 52. cxd5 Bxb5
53. d6 Bd7 54. Kd2 Bxh3 55. Kxd3 Ka7 56. Ke3 Ka6 57. Kf3 Kxa5 58. Kf2 Kb6 59.
Kf3 Kc6 60. Kf4 Kxd6 61. Kg5 Bg2 62. Kxh4 f6 63. Kg3 Bc6 64. Kf4 f5 65. Kg5 Bd7
66. Kxg6 f4 67. Kg5 f3 68. Kh4 f2 69. Kg5 f1=Q 70. Kg6 Be8+ 71. Kg5 Ke6 72. Kg4
Kf6 73. Kg3 Bd7 74. Kh4 Qg1 75. Kh5 Qh1# 0-1

[Event "Challenge"]
[Site "http://www.queenalice.com/game.php?id=5896"]
[Date "2005.2.25"]
[Round "-"]
[White "Dino"]
[Black "sergiolj"]
[Result "0-1"]
[WhiteElo "1089"]
[BlackElo "1531"]

1. d3 e5 2. Nf3 Nc6 3. Bg5 f6 4. Bh4 g5 5. Bg3 Nh6 6. c3 d6 7. h4 g4 8. Nfd2 Bd7
9. f4 Nf5 10. Bf2 g3 11. Bg1 exf4 12. e3 fxe3 13. Ne4 d5 14. Nxf6+ Qxf6 15. Rh3
Bh6 16. Qb3 Rf8 17. Na3 Nxh4 18. Bxe3 Qxf1+ 19. Kd2 Rf2# 0-1

[Event "Challenge"]
[Site "http://www.queenalice.com/game.php?id=5899"]
[Date "2005.2.25"]
[Round "-"]
[White "Dino"]
[Black "Andre"]
[Result "0-1"]
[WhiteElo "1117"]
[BlackElo "1242"]

1. e3 e5 2. Bc4 Qe7 3. Nc3 c6 4. Nf3 d5 5. Bd3 b5 6. b3 e4 7. Nxe4 dxe4 8. Bxe4
Qxe4 9. b4 Qxb4 10. c3 Qa4 11. d4 Qxd1+ 12. Kxd1 Nf6 13. a4 bxa4 14. Rxa4 Ne4
15. Ra3 Nxf2+ 16. Ke1 Nxh1 17. Ne5 Bxa3 18. Bxa3 f6 19. Ng4 Bxg4 20. Bd6 Nd7 21.
c4 Nb6 22. c5 Nc4 23. Bg3 g5 24. Kf1 Nxg3+ 25. hxg3 Rb8 26. Kf2 O-O 27. d5 cxd5
28. c6 Rfe8 29. c7 Rbc8 30. e4 Rxe4 31. Kg1 Rxc7 32. Kh1 Nb2 33. Kh2 Bd1 34. g4
Rxg4 35. Kh3 Rc3+ 36. Kh2 Ba4 37. g3 d4 38. Kh3 Rgxg3+ 39. Kh2 Rgd3 40. Kg2 Rd2+
41. Kf1 Rc1# 0-1

[Event "AUTO-LOW-05"]
[Site "http://www.queenalice.com/game.php?id=5921"]
[Date "2005.2.25"]
[Round "1"]
[White "Plague"]
[Black "Dino"]
[Result "1-0"]
[WhiteElo "1589"]
[BlackElo "1117"]

1. g4 c6 2. d4 e6 3. h4 Nh6 4. e4 Na6 5. e5 f6 6. g5 fxg5 7. Bxg5 Qa5+ 8. c3 d6
9. exd6 Bxd6 10. Qh5+ Nf7 11. Bd3 1-0

[Event "AUTO-LOW-05"]
[Site "http://www.queenalice.com/game.php?id=5922"]
[Date "2005.2.25"]
[Round "1"]
[White "Dino"]
[Black "Plague"]
[Result "0-1"]
[WhiteElo "1117"]
[BlackElo "1589"]

1. h4 g6 2. e3 d5 3. Bb5+ c6 4. Ba4 h5 5. Nc3 e5 6. Nf3 Bg4 7. b3 e4 8. Ba3 Bxa3
9. Nb1 Bb2 10. Nc3 Bxa1 11. Qxa1 exf3 0-1

[Event "AUTO-LOW-05"]
[Site "http://www.queenalice.com/game.php?id=5933"]
[Date "2005.2.25"]
[Round "1"]
[White "millie"]
[Black "Dino"]
[Result "0-1"]
[WhiteElo "1152"]
[BlackElo "1076"]

1. d3 Nc6 2. c3 e6 3. b4 Nh6 4. h3 Bd6 5. g3 g5 6. g4 Ne5 7. Ba3 c6 8. Bc1 f5 9.
d4 Nc4 10. Nf3 fxg4 11. hxg4 Nxg4 12. Nxg5 O-O 13. Nxh7 Rxf2 14. Bg5 Qe8 15.
Nf6+ Nxf6 16. Kxf2 Ng4+ 17. Ke1 Nge3 18. Bxe3 Nxe3 19. Rg1+ Kf7 20. Qd3 Nxf1 21.
Rxf1+ Ke7 22. Qh7+ Kd8 23. Qh4+ Be7 24. Qg3 b6 25. a4 Ba6 26. a5 Qh5 27. Qg8+
Kc7 28. Qxa8 Qxe2# 0-1

[Event "AUTO-LOW-05"]
[Site "http://www.queenalice.com/game.php?id=5934"]
[Date "2005.2.25"]
[Round "1"]
[White "Dino"]
[Black "millie"]
[Result "0-1"]
[WhiteElo "1117"]
[BlackElo "1260"]

1. Nc3 c6 2. Nf3 f6 3. d3 g5 4. b3 b5 5. a4 b4 6. Ne4 d5 7. Nc5 Bh6 8. c3 bxc3
9. Ra2 Qd6 10. Na6 Nxa6 11. Ba3 c5 12. Rc2 d4 13. e3 Qb6 14. Qb1 g4 15. Nxd4
cxd4 16. exd4 Qe6+ 17. Re2 Bd2+ 18. Kd1 Qc6 19. Kc2 Bf5 20. d5 Qc7 21. d6 Bxd3+
22. Kxd3 Qd7 23. h3 Qf5+ 24. Re4 Qxf2 25. d7+ Kd8 26. Rxe7 Nxe7 0-1

[Event "Challenge"]
[Site "http://www.queenalice.com/game.php?id=5965"]
[Date "2005.2.26"]
[Round "-"]
[White "MKich"]
[Black "Dino"]
[Result "1-0"]
[WhiteElo "1725"]
[BlackElo "1076"]

1. Nc3 g6 2. Nf3 Bh6 3. e4 Nc6 4. Bc4 Nf6 5. d3 Nb4 6. Bxh6 d6 7. O-O d5 8. exd5
Ng4 9. Bf4 e6 10. dxe6 fxe6 11. Nb5 O-O 12. Nxc7 Rb8 13. Bxe6+ Bxe6 14. Nxe6 Qe8
15. Nxf8 Rc8 16. c3 Qxf8 17. h3 Nf6 18. cxb4 Qxb4 19. Rc1 Rd8 20. b3 Qxf4 21.
Rc4 Qd6 22. Re1 b5 23. Rd4 Qb8 24. Rxd8+ Qxd8 25. Re6 Nh5 26. Qe1 Kf8 27. Nd4
Nf4 28. Rc6 Nxd3 29. Qc3 Ne5 30. Rc8 b4 31. Rxd8+ Ke7 32. Qc7+ Kf6 33. Qd6+ Kg5
34. Qxe5+ Kh6 35. Rd7 a5 36. Qf4+ Kh5 37. Qg4+ Kh6 38. Qh4# 1-0

[Event "Challenge"]
[Site "http://www.queenalice.com/game.php?id=5967"]
[Date "2005.2.26"]
[Round "-"]
[White "Dino"]
[Black "EngEsp"]
[Result "0-1"]
[WhiteElo "1124"]
[BlackElo "969"]

1. e3 Nc6 2. Bc4 Nf6 3. Nf3 e6 4. Nh4 Bb4 5. c3 Ba5 6. g4 Ne4 7. b3 Ne5 8. Bb5
Qf6 9. Nf3 Nxf3+ 10. Ke2 b6 11. Bd3 Ne5 12. Bxe4 Ba6+ 13. d3 Rc8 14. b4 Bxb4 15.
cxb4 c5 16. Bb2 Qg5 17. Rg1 c4 18. dxc4 Rxc4 19. Nc3 Rxb4+ 20. Ke1 Rxb2 21. Qd6
Qf6 22. Qb8+ Ke7 23. Qxh8 Qxf2+ 24. Kd1 Qd2# 0-1

[Event "Challenge"]
[Site "http://www.queenalice.com/game.php?id=6121"]
[Date "2005.3.1"]
[Round "-"]
[White "Dino"]
[Black "fabian"]
[Result "0-1"]
[WhiteElo "1097"]
[BlackElo "1338"]

1. e4 e6 2. Nc3 Qf6 3. Nh3 Bd6 4. b4 Bxb4 5. Bb5 c6 6. Ba4 Na6 7. f4 b5 8. Bb3
Qh4+ 9. g3 Qxh3 10. d3 Bxc3+ 11. Bd2 Bd4 12. c4 Qg2 13. Rf1 bxc4 14. Bxc4 Nf6
15. f5 exf5 16. exf5 d5 17. Bb3 Bxf5 18. Rxf5 Nc5 19. Rc1 Nxd3# 0-1

[Event "Challenge"]
[Site "http://www.queenalice.com/game.php?id=6122"]
[Date "2005.3.1"]
[Round "-"]
[White "EngEsp"]
[Black "Dino"]
[Result "1-0"]
[WhiteElo "1065"]
[BlackElo "1116"]

1. Nc3 d6 2. e3 Nf6 3. Bc4 Bg4 4. f3 Bh5 5. Nge2 d5 6. Bb5+ c6 7. Ba4 Qd7 8. Nd4
g6 9. b3 Bh6 10. Ba3 Qh3 11. gxh3 O-O 12. Rg1 Na6 13. Bxe7 Rfe8 14. Bd6 b5 15.
Bxb5 cxb5 16. Ncxb5 g5 17. Nf5 Bf8 18. Bg3 Bg6 19. Nfd6 Red8 20. Nb7 Rdc8 21.
Be5 Rxc2 22. Bxf6 Bb4 23. Rg2 Bh5 24. Qxc2 Bxf3 25. Rxg5+ Kf8 26. Qc6 Nb8 27.
Qc8 1-0

[Event "Challenge"]
[Site "http://www.queenalice.com/game.php?id=7566"]
[Date "2005.3.22"]
[Round "-"]
[White "Dino"]
[Black "EngEsp"]
[Result "1-0"]
[WhiteElo "1116"]
[BlackElo "1164"]

1. Nf3 f6 2. d4 d5 3. c4 c6 4. g3 e6 5. cxd5 cxd5 6. Qa4+ Bd7 7. Qb3 Na6 8. Qxb7
Bb4+ 9. Nc3 Qc8 10. Qxc8+ Rxc8 11. Bd2 Rc4 12. a3 Ba5 13. e3 Nh6 14. e4 dxe4 15.
Bxc4 Nc7 16. Bf4 Na8 17. b4 Bb6 18. Nb5 exf3 19. Nd6+ Ke7 20. Rd1 Ba4 21. Rd3
Ng4 22. d5 Bxf2+ 23. Kf1 Bd1 24. Rxd1 Nb6 25. dxe6 Na4 26. Rd5 Nc3 27. h3 h5 28.
hxg4 Rb8 29. Rhxh5 Rxb4 30. Rh8 Bb6 31. Re8# 1-0